000 00380nam a22001697a 4500
003 CEME
005 20210628203031.0
008 210128b xxu||||| |||| 00| 0 eng d
020 _a978969033128
040 _c.
082 _a891.4393 MUM
100 _aMumtaz Mufti
_9370
245 _aRghni putlay
260 _aLAHORE
_bAL FAISAL
_c2008
300 _a224P
942 _cBK
_2ddc
999 _c571912
_d571912